| 000 | 00000nam##2200000za#4500 |
| 001 | 9.695224 |
| 003 | CaOODSP |
| 005 | 20240209132436 |
| 007 | cr ||||||||||| |
| 008 | 150407|2000||||xxc|||||o f|0| 0 eng|d |
| 040 | |aCaOODSP|beng |
| 043 | |an-cn--- |
| 086 | 1 |aC89-4/71-2000E-PDF |
| 110 | 2 |aAtlantic Canada Opportunities Agency. |
| 245 | 10|aFinal report - University-Based Business Counselling Internship Pilot Program / |h[electronic resource]|cprepared by the Acadia Center for Small Business & Entrepreneurship for the Atlantic Canada Opportunities Agency. |
| 260 | |bAtlantic Canada Opportunities Agency |cJanuary 2000. |
| 300 | |a14p. |
| 590 | |a11-29-Supp|b2011-11-25 |
| 690 | 07|aSmall businesses|2gcpds |
| 690 | 07|aInternships|2gcpds |
| 690 | 07|aProfessional development|2gcpds |
| 710 | 2 |aAcadia Center for Small Business & Entrepreneurship. |
| 775 | 08|tRapport final - Programme pilote de stages de conseillers auprès de la petite entreprise offerts en milieu universitaire / |w(CaOODSP)9.639370 |
| 776 | 0#|tUniversity-based business counselling internship pilot program / |w(CaOODSP)9.647852 |
| 856 | 40|ahttp://publications.gc.ca|qPDF|s40 KB|uhttps://publications.gc.ca/collections/Collection/C89-4-71-2000E.pdf |